স্বাস্থ্যের পরমোৎকর্ষ / (Record no. 7991)

MARC details
000 -LEADER
fixed length control field 00768nam a22002057a 4500
001 - CONTROL NUMBER
control field BD-DhSAU 7991
003 - CONTROL NUMBER IDENTIFIER
control field BD-DhSAU
005 - DATE AND TIME OF LATEST TRANSACTION
control field 20150530144354.0
008 - FIXED-LENGTH DATA ELEMENTS--GENERAL INFORMATION
fixed length control field 150530b2006 ii a||||r|||| 000 0 ben d
040 ## - CATALOGING SOURCE
Original cataloging agency BD-DhSAU
082 ## - DEWEY DECIMAL CLASSIFICATION NUMBER
Edition number 22
Classification number ৩৬২.১
Item number স্বাস্থ্যসো
245 ## - TITLE STATEMENT
Title স্বাস্থ্যের পরমোৎকর্ষ /
Statement of responsibility, etc. সংকলনেঃ এডিসন সোমরাজ
260 ## - PUBLICATION, DISTRIBUTION, ETC. (IMPRINT)
Place of publication, distribution, etc. ভারত :
Name of publisher, distributor, etc. অরিয়েন্টাল ওয়াচম্যান,
Date of publication, distribution, etc. ২০০৬.
300 ## - PHYSICAL DESCRIPTION
Extent ২৬৪ প :
Other physical details চিত্র ;
Dimensions ২৪ সেমি
590 ## - Name of Cataloguer
Name of Cataloger joy
650 ## - SUBJECT ADDED ENTRY--TOPICAL TERM
Topical term or geographic name as entry element Extension.
650 ## - SUBJECT ADDED ENTRY--TOPICAL TERM
Topical term or geographic name as entry element স্বাস্থ্য
700 ## - ADDED ENTRY--PERSONAL NAME
Personal name সোমরাজ, এডিসন
942 ## - ADDED ENTRY ELEMENTS (KOHA)
Source of classification or shelving scheme Dewey Decimal Classification
Koha item type Book
Holdings
Withdrawn status Lost status Source of classification or shelving scheme Damaged status Not for loan Collection code Home library Branch Name Shelving location Date acquired Total Checkouts Full call number Barcode Date last seen Price effective from Koha item type
    Dewey Decimal Classification   Not For Loan Reference SAU Library SAU Library Reference 30/05/2015   ৩৬২.১ স্বাস্থ্যসো 63513 30/05/2015 30/05/2015 Book